000 01433cam a2200397 i 4500
001 vtls000861983
003 PNM
005 20260401172403.0
008 180930s2019 my a er 000 0dmay
015 _aM19-06215
020 _a9789672133544
_qpaperback
_cRM 25.00
020 _a9789673116553
_qpaperback
_cRM27.00
039 9 _a201911081615
_brosliza
_c201910031022
_dfadzli
_c201909241444
_dmasliza
_c201907261042
_dmawarny
040 _aBNM
_beng
_cBNM
_dPNM
_dPPAK
_erda
049 _aklpmal
082 0 4 _a395.4
_223
090 0 0 _a395.4
_bMOH
_dG
100 0 _aMohd Razak bin Mohd Nordin,
_cDr. Haji,
_eauthor.
245 1 0 _aPANDUAN PENGACARAAN MAJLIS DAN PENGURUSAN MAJLIS RASMI :
_b(SESUAI UNTUK GURU, MAHASISWA DAN PENJAWAT AWAM) /
_cDR. HAJI MOHD RAZAK BIN MOHD NORDIN
264 1 _aBatu Caves, Selangor :
_bSri Saujana Marketing,
_c2019
300 _aviii, 304 pages :
_billustrations ;
_c21 cm
336 _atext
_2rdacontent
337 _aunmediated
_2rdamedia
338 _avolume
_2rdacarrier
504 _aBibliography: pages 297
650 1 0 _aMasters of ceremonies
650 2 0 _aEtiquette
650 2 0 _aGovernment etiquette
_zMalaysia
942 _2ddc
_cB
949 _61001397573
_e2609226
949 _61001397574
_e2609227
949 _61001397575
_a395.4 MRM D
_e2609228
949 _62000675780
_a395.4 MRM M
949 _62000675779
_a395.4 MRM M
949 _62000675778
_a395.4 MRM M
999 _c175172
_d175172